[Event "GRE-chT"]
[Site "Athens"]
[Date "1987.??.??"]
[Round "?"]
[White "Makropoulos, Georgios"]
[Black "Pandavos, Emanouel"]
[Result "0-1"]
[WhiteElo "2440"]
[BlackElo "2310"]
[PlyCount "124"]
[EventDate "1987.??.??"]
[EventType "team"]
[EventRounds "11"]
[EventCountry "GRE"]
[SourceTitle "EXT 2004"]
[Source "ChessBase"]
[SourceDate "2003.11.25"]
[SourceVersion "1"]
[SourceVersionDate "2003.11.25"]
[SourceQuality "1"]

1. e4 e5 2. Bc4 Nf6 3. Nc3 Nc6 4. d3 Bb4 5. Nge2 d5 6. exd5 Nxd5 7. 0-0 Be6 8. Bxd5 Bxd5 9. f4 Qd7 10. fxe5 0-0-0 11. Nxd5 Qxd5 12. c3 Bc5+ 13. d4 Nxe5 14. Qc2 Bb6 15. a4 a5 16. Qf5+ Qe6 17. Qxe6+ fxe6 18. Nf4 Rde8 19. Re1 Ng6 20. Nxg6 hxg6 21. Bf4 c5 22. Be5 cxd4 23. cxd4 Rh4 24. Rad1 Re7 25. g3 Rh5 26. Kg2 Rd7 27. Rc1+ Kd8 28. Rc4 g5 29. Rb1 g4 30. b4 Bc7 31. Bxc7+ Rxc7 32. Rxc7 Kxc7 33. bxa5 Rxa5 34. Rf1 Rxa4 35. Rf7+ Kc6 36. Rxg7 Rxd4 37. h4 gxh3+ 38. Kxh3 b5 39. Rg8 Kc7 40. Rg7+ Rd7 41. Rg4 Kc6 42. Re4 Kd5 43. Rb4 Kc5 44. Re4 Re7 45. Kg4 b4 46. Kg5 Rg7+ 47. Kf4 Rg6 48. Re5+ Kc4 49. Re4+ Kc3 50. Re3+ Kc2 51. Re2+ Kb1 52. g4 b3 53. g5 b2 54. Re5 Kc2 55. Rc5+ Kb3 56. Rb5+ Kc3 57. Rb8 Rg8 58. Rb7 Rf8+ 59. Ke3 Rc8 60. g6 Kc2 61. g7 b1Q 62. Rc7+ Rxc7 0-1

[Event "GRE-chT"]
[Site "Athens"]
[Date "1987.??.??"]
[Round "?"]
[White "Makropoulos, Georgios"]
[Black "Skalkotas, Nikolaos"]
[Result "1-0"]
[WhiteElo "2440"]
[BlackElo "2325"]
[PlyCount "75"]
[EventDate "1987.??.??"]
[EventType "team"]
[EventRounds "11"]
[EventCountry "GRE"]
[SourceTitle "EXT 2004"]
[Source "ChessBase"]
[SourceDate "2003.11.25"]
[SourceVersion "1"]
[SourceVersionDate "2003.11.25"]
[SourceQuality "1"]

1. e4 c5 2. Nc3 d6 3. Nf3 e5 4. Bc4 Be6 5. d3 Be7 6. 0-0 a6 7. a4 Nc6 8. Nd5 Nf6 9. Ng5 Bxd5 10. exd5 Nb8 11. f4 Nbd7 12. a5 0-0 13. Bb3 b5 14. axb6 Qxb6 15. Kh1 h6 16. Nh3 Rfb8 17. Ra3 Qd8 18. c4 Ra7 19. Bc2 Rb4 20. b3 exf4 21. Nxf4 Ne5 22. d4 cxd4 23. Qxd4 Rc7 24. Rxa6 Nfd7 25. Bd2 Rb8 26. Ba5 Nc5 27. Bxc7 Qxc7 28. Ra3 g6 29. Qf2 Bf8 30. Ne2 Qe7 31. Nd4 Rc8 32. b4 Nxc4 33. Rc3 Nd7 34. Nc6 Rxc6 35. dxc6 Nde5 36. Be4 Qc7 37. Rxc4 Nxc4 38. Bxg6 1-0

[Event "Athens Acropolis op"]
[Site "Athens"]
[Date "1987.??.??"]
[Round "6"]
[White "Skalkotas, Nikolaos"]
[Black "Makropoulos, Georgios"]
[Result "1/2-1/2"]
[WhiteElo "2325"]
[BlackElo "2440"]
[PlyCount "119"]
[EventDate "1987.??.??"]
[EventType "swiss"]
[EventRounds "9"]
[EventCountry "GRE"]
[SourceTitle "EXT 2004"]
[Source "ChessBase"]
[SourceDate "2003.11.25"]
[SourceVersion "1"]
[SourceVersionDate "2003.11.25"]
[SourceQuality "1"]

1. c4 e5 2. Nc3 Nc6 3. g3 d6 4. Bg2 Be6 5. d3 Qd7 6. Rb1 g6 7. b4 Bg7 8. Nd5 Nd8 9. e4 c6 10. Ne3 f5 11. Ne2 Ne7 12. f4 d5 13. exf5 Nxf5 14. Nxf5 gxf5 15. fxe5 dxc4 16. d4 Bd5 17. Bxd5 Qxd5 18. 0-0 Ne6 19. Be3 0-0-0 20. Qc1 h5 21. Nc3 Qd7 22. Rd1 h4 23. Rb2 hxg3 24. hxg3 Rdg8 25. Rg2 Bf8 26. d5 cxd5 27. Nxd5 Qc6 28. Bxa7 b5 29. a4 Kb7 30. axb5 Qxb5 31. Bf2 f4 32. Qa3 Qa6 33. Qxa6+ Kxa6 34. gxf4 Kb5 35. Ra1 c3 36. Nxc3+ Kc4 37. Ne2 Bxb4 38. f5 Ng5 39. Rc1+ Kd3 40. Bg3 Bd2 41. Rd1 Ke4 42. Rxd2 Nf3+ 43. Kf2 Nxd2 44. f6 Rh1 45. Rg1 Rxg1 46. Nxg1 Kf5 47. Ne2 Ne4+ 48. Kf3 Nxg3 49. Nxg3+ Kxe5 50. Ne4 Ra8 51. f7 Rf8 52. Ke3 Rxf7 53. Ng5 Re7 54. Nf3+ Kf5+ 55. Kd3 Ra7 56. Nd4+ Kf4 57. Kc4 Ke4 58. Kc5 Ra1 59. Nc6 Rd1 60. Nb4 1/2-1/2